Football Stadiums - Premier League - Statistics

General Stats
  • This quiz has been taken 1,357 times
    897 since last reset
  • The average score is 12 of 20
Answer Stats
Team Stadium % Correct
Manchester United Old Trafford
95%
Liverpool Anfield
92%
Arsenal Emirates Stadium
92%
Chelsea Stamford Bridge
90%
Manchester City Etihad Stadium
85%
Everton Goodison Park
76%
Tottenham Hotspur White Hart Lane
73%
Leicester City King Power Stadium
66%
Sunderland Stadium of Light
64%
Burnley Turf Moor
63%
Southampton St Mary's Stadium
61%
Crystal Palace Selhurst Park
60%
AFC Bournmouth Dean Court
53%
West Ham United Upton Park
44%
Watford Vicarage Road
43%
West Bromich Albion The Hawthorns
42%
Swansea City Liberty Stadium
29%
Middlesbrough Riverside Stadium
25%
Stoke City Britannia Stadium
24%
Hull City KCOM Stadium
17%
No matching quizzes found
Score Distribution
Percent of People with Each Score
Percentile by Number Answered
Your Score History
You have not taken this quiz since the last reset